000 00501nam a2200181Ia 4500
999 _c28129
_d28129
003 OSt
005 20201110144701.0
008 190216s9999||||xx |||||||||||||| ||und||
020 _a8171806333
040 _coclc
082 _a894.8123
_bSWA/E
100 _aSwaroop
_96410
245 0 _aEzhuthappurangal /
_cSwaroop
260 _bPoorna Publications,
_c1999.
_aKozhikode:
300 _a142p
650 _aMalayalam Novel
942 _cBK
_2ddc
_h894.8123
_iSWA/E
_k894.8123
_mSWA/E